UCR : El inicio de una nueva etapa.
Gespeichert in:
| Format: | Unbekannt |
|---|---|
| Sprache: | Spanish |
| Veröffentlicht: |
San José, Costa Rica :
Oficina de Publicaciones de la Universidad de Costa Rica,
c1996.
|
| Schlagworte: | |
| Tags: |
Tag hinzufügen
Keine Tags, Fügen Sie den ersten Tag hinzu!
|
MARC
| LEADER | 000000000a22000000004500 | ||
|---|---|---|---|
| 001 | 003290 | ||
| 041 | 0 | |a spa | |
| 082 | 0 | 4 | |a 378.728.6 |b U16u |
| 245 | 0 | 0 | |a UCR : |b El inicio de una nueva etapa. |
| 260 | 1 | |a San José, Costa Rica : |b Oficina de Publicaciones de la Universidad de Costa Rica, |c c1996. | |
| 300 | |a 33 páginas | ||
| 650 | 4 | |a UNIVERSIDAD DE COSTA RICA - RECTORES | |
| 999 | |c 9544 |d 9544 | ||
| 942 | |c BK |h 378.728.6 U16u |2 z | ||
